| 000 | 00756nam a22002653a 4500 | ||
|---|---|---|---|
| 001 | 16401482 | ||
| 003 | OSt | ||
| 005 | 20180116183022.0 | ||
| 008 | 830302s1983 nyu 000 1 eng d | ||
| 010 | _a 97813254 | ||
| 020 | _a0440170990 (pbk.) | ||
| 035 | _a(OCoLC)ocm09271868 | ||
| 040 |
_aNXA _cNXA _dDLC |
||
| 050 | 0 | 0 | _aCPB Box no. 352 vol. 8 |
| 082 | _a813.54 SPE 1983 | ||
| 100 | 1 | _aSpence, Michele. | |
| 245 | 1 | 0 |
_aRebekka Moon _cMichele Spence. |
| 260 |
_aNY : _bDell Pub. Co., _c1983. |
||
| 300 |
_a383 p. ; _c17 cm. |
||
| 440 | _aRebekka Moon | ||
| 655 | 7 |
_aHorror fiction. _2gsafd |
|
| 710 | 2 |
_aCopyright Paperback Collection (Library of Congress) _5DLC |
|
| 906 |
_a7 _bcbc _ccopycat _d2 _encip _f19 _gy-genrareb |
||
| 942 |
_2ddc _cBK |
||
| 999 |
_c350642 _d350642 |
||